| 000 | 00808am a2200289a 44500 | ||
|---|---|---|---|
| 003 | AR-BaBNM | ||
| 005 | 20251128203545.0 | ||
| 008 | 037019s1973 #AR|||||||||||000 | spa|| | ||
| 040 | _cAR-BaBNM | ||
| 100 | 1 | _aHernández Arregui, Juan José | |
| 245 | 1 | 0 |
_aNacionalismo y liberación _bmetrópolis y colonias en la era del imperialismo |
| 250 | _a3ª ed. | ||
| 260 |
_aBuenos Aires _bEdiciones Corregidor _c1973 |
||
| 300 | _a367 p. | ||
| 600 | 1 | 4 | _aBorges, Jorge Luis |
| 600 | 1 | 4 | _aScalabrini Ortíz, Raúl |
| 600 | 1 | 4 | _aFichte, Johann Gottlieb |
| 650 | 4 | _aHISTORIA POLITICA | |
| 650 | 4 | _aCIENCIAS POLITICAS | |
| 650 | 4 | _aNACIONALISMO | |
| 650 | 4 | _aDOCTRINAS POLITICAS | |
| 650 | 4 | _aIDEOLOGIAS | |
| 650 | 4 | _aFILOSOFIA | |
| 650 | 4 | _aCONCIENCIA NACIONAL | |
| 942 | _cBK | ||
| 998 | _cmariana | ||
| 999 |
_c3925 _d3925 |
||